00778nam a2200253 a 4500001001300000003000900013005001700022008004100039020000800080082002000088100001600108245003400124260004300158300000900201500003500210505001700245650002000262700001600282902000800298942000700306952009800313952009800411999001500509nice12345678IN_TiNIC20260116011556.0050524s1915 lona grp 000 0 eng  ac000a305.230297bZWE aZwemer, S M aChildhood in the Moslem World aLondonbFleming H Revell Compantc1915 a270p aincludes index and biblioraphy2 aBibliography aMuslim Children1 aZwemer, S M bSRS cBK 00104070aHMIbHMId0000-00-00g0.00l0o305.230297 ZWEp1231r0000-00-00w2026-01-16yARB 00104070aHMIbHMId0000-00-00g0.00l0o305.230297 ZWEp1232r0000-00-00w2026-01-16yARB c2698d2698